| 000 | 00645cam a2200205 4500 | ||
|---|---|---|---|
| 001 | D8423 | ||
| 008 | 090401t1966 xxu||||| |||| 00| 0 eng d | ||
| 035 | _a(Sirsi) u12915 | ||
| 041 | _aeng | ||
| 050 | _a692.3095125 | ||
| 110 |
_aRoyal Institution of Chartered Surveyors _bHong Kong Branch _91269 |
||
| 245 | _aStandard method of measurement of building works for use in Hong Kong, issued by the RICS and the Building Contractor`s Association of Hong Kong | ||
| 250 | _a2nd | ||
| 260 |
_aHong Kong _bRICS/BCAHK _c1966 |
||
| 300 | _avii. 35p. 31cm | ||
| 350 | _a0 | ||
| 520 | _aFiled at SMM 1966/3BCDE | ||
| 942 | _n0 | ||
| 948 | _c04/03/1997 | ||
| 999 |
_c87040 _d87040 |
||